Repeatability coefficient for the determination of the optmal number of harvests for the selection of zucchini hybrids (Registro n. 299714)
[ somente texto ]
| 000 -LÍDER | |
|---|---|
| fixed length control field | 04069nab a2200361 i 4500 |
| 003 - CÓDIGO MARC DA AGÊNCIA CATALOGADORA | |
| Campo de controle | BR-BrBNA |
| 005 - DATA E HORA DA ÚLTIMA ATUALIZAÇÃO | |
| Campo de controle | 20240522105022.0 |
| 008 - CAMPO DE TAMANHO FIXO | |
| fixed length control field | 240522b2022 bl.ar|pooa||| 00| 0 eng | |
| 040 ## - FONTE DA CATALOGAÇÃO | |
| Agência catalogadora | BR-BrBNA |
| Idioma da catalogação | eng |
| 072 ## - CATEGORIA AGRIS | |
| Código AGRIS | F30 |
| Código do objeto | 1823 |
| 100 ## - ENTRADA PRINCIPAL - NOME PESSOAL | |
| Nome pessoal | Oliveira, Maria Elisângela Ferreira de |
| 100 ## - ENTRADA PRINCIPAL - NOME PESSOAL | |
| Nome pessoal | Andrade Júnior, Valter Carvalho de |
| 100 ## - ENTRADA PRINCIPAL - NOME PESSOAL | |
| Nome pessoal | Brito, Orlando Gonçalves |
| 100 ## - ENTRADA PRINCIPAL - NOME PESSOAL | |
| Nome pessoal | Azevedo, Sebastião Márcio |
| 100 ## - ENTRADA PRINCIPAL - NOME PESSOAL | |
| Nome pessoal | Jeferson, Carlos de Oliveira |
| 100 ## - ENTRADA PRINCIPAL - NOME PESSOAL | |
| Nome pessoal | Silva, Eduardo Alves da |
| 100 ## - ENTRADA PRINCIPAL - NOME PESSOAL | |
| Código relacionador | , |
| Nome pessoal | Azevedo, Alcinei Mistico |
| 245 ## - TÍTULO PRINCIPAL | |
| Título principal | Repeatability coefficient for the determination of the optmal number of harvests<br/>for the selection of zucchini hybrids |
| 500 ## - NOTA GERAL | |
| Nota geral | Publicação on-line; 33 ref.; 2 illus.; Summaries (En, Pt) |
| 942 ## - ADDED ENTRY ELEMENTS (KOHA) | |
| Koha item type | |
| 520 ## - NOTA DE RESUMO | |
| Nota de conteúdo | <br/>Abstract ‒ The objective of this work was to estimate the optimal number of harvests for the reliable selection of zucchini (Cucurbita pepo) hybrids through the repeatability coefficient. The experimental design was randomized complete blocks with 33 treatments (31 experimental hybrids and 2 commercial ones) and four replicates, with six plants per plot. Fifteen harvests were carried out. Seven morphoagronomic fruit characteristics were evaluated, and repeatability coefficients were estimated using four statistical methods. The repeatability coefficients ranged from low to moderate, regardless of the studied characteristic. For a high-precision selection (R2 ≥90%), a high number of evaluated harvests was required, especially for traits related to fruit yield, as follows: 30 to 54 harvests for selection based on total yield; and 43 to 83 harvests for commercial yield, which varied according to the statistical estimation method. The principal component analysis based on the covariance matrix required the least number of harvests for a satisfactory selection precision. Fifteen harvests are sufficient for a satisfactory selection of all evaluated characteristics, with a precision above 70%.<br/><br/><br/>Index terms: Cucurbita pepo, biometric, plant breeding |
| 520 ## - NOTA DE RESUMO | |
| Nota de conteúdo | <br/>Resumo ‒ O objetivo deste trabalho foi estimar o número ótimo de colheitas para a seleção confiável de híbridos de abobrinha-italiana (Cucurbita pepo) por meio do coeficiente de repetibilidade. O delineamento experimental foi em blocos ao acaso, com 33 tratamentos (31 híbridos experimentais e 2 comerciais) e quatro repetições, com seis plantas por parcela. Realizaramse 15 colheitas. Sete características morfoagronômicas dos frutos foram avaliadas, e os coeficientes de repetibilidade foram estimados por meio de quatro métodos estatísticos. Os coeficientes de repetibilidade variaram de baixos a moderados, independentemente da característica estudada. Para uma seleção de alta precisão (R2≥90%), um elevado número de colheitas avaliadas foi necessário, especialmente para as características relacionadas à produtividade de frutos, conforme a seguir: 30 a 54 colheitas para a seleção baseada na produtividade total; e 43 a 83 colheitas para a produtividade comercial, que variou conforme o método estatístico de estimação. A análise de componentes principais baseada na matriz de covariância demandou a menor quantidade de colheitas para uma precisão satisfatória da seleção. São suficientes 15 colheitas para a seleção satisfatória de todas as características avaliadas, com precisão superior a 70%.<br/><br/><br/>Termos para indexação: Cucurbita pepo, biometria, melhoramento genético. |
| 650 ## - ASSUNTO - THESAGRO | |
| Cabeçalho tópico ou nome geográfico | ABÓBORA |
| 650 ## - ASSUNTO - THESAGRO | |
| Cabeçalho tópico ou nome geográfico | HÍBRIDO |
| 650 ## - ASSUNTO - THESAGRO | |
| Cabeçalho tópico ou nome geográfico | SELEÇÃO |
| 650 ## - ASSUNTO - THESAGRO | |
| Cabeçalho tópico ou nome geográfico | HERDABILIDADE |
| 650 ## - ASSUNTO - THESAGRO | |
| Cabeçalho tópico ou nome geográfico | BIOMETRIA |
| 650 ## - ASSUNTO - THESAGRO | |
| Cabeçalho tópico ou nome geográfico | MELHORAMENTO GENÉTICO VEGETAL |
| 650 ## - ASSUNTO - THESAGRO | |
| Cabeçalho tópico ou nome geográfico | COLHEITA |
| 773 0# - ENTRADA ANALÍTICA | |
| Host Biblionumber | 920 |
| Registro do item | 25802 |
| Imprenta | Brasília-DF Empresa Brasileira de Pesquisa Agropecuária - EMBRAPA 1966- |
| Outro identificador | 2023-436358 |
| Título | Pesquisa Agropecuária Brasileira (Brazil) |
| ISSN | 0100-204X |
| Colação | v. 57 p. 1-9; (2022) |
| Número de controle de registro | BR2024001071 |
| 856 ## - ACESSO E ENDEREÇO ELETRÔNICO | |
| Identificador uniforme de recurso - URI | https://www.scielo.br/j/pab/a/MKQvFSHD9jd8BdTgQN7QXyG/?format=pdf&lang=en |
Nenhum exemplar disponível.

BINAGRI